Ensayo sobre el principio de la población (Registro nro. 5411)

Detalles MARC
000 -LEADER
fixed length control field 01098 a2200217 4500
001 - CONTROL NUMBER
control field 54240
005 - DATE AND TIME OF LATEST TRANSACTION
control field 20260407155813.0
008 - FIXED-LENGTH DATA ELEMENTS--GENERAL INFORMATION
fixed length control field 260407a1951 arg spa d
003 - CONTROL NUMBER IDENTIFIER
control field AR-UNSa-BCEJYS
040 ## - CATALOGING SOURCE
Original cataloging agency AR-UNSa-BCEJYS
Language of cataloging spa
Transcribing agency AR-UNSa-BCEJYS
080 ## - UNIVERSAL DECIMAL CLASSIFICATION NUMBER
Universal Decimal Classification number 314.12
Common auxiliary subdivision Teorías sobre la población
041 ## - LANGUAGE CODE
Language code of text/sound track or separate title spa
100 1# - MAIN ENTRY--PERSONAL NAME
Personal name Malthus, Thomas R.
245 10 - TITLE STATEMENT
Title Ensayo sobre el principio de la población
264 #1 - PRODUCTION, PUBLICATION, DISTRIBUTION, MANUFACTURE, AND COPYRIGHT NOTICE
Place of production, publication, distribution, manufacture México :
Name of producer, publisher, distributor, manufacturer Fondo de Cultura Económica
Date of production, publication, distribution, manufacture, or copyright notice 1951
300 ## - PHYSICAL DESCRIPTION
Extent 619 p.
Dimensions 24 cm.
505 ## - FORMATTED CONTENTS NOTE
Formatted contents note 1. Sobre las limitaciones del desarrollo de la población en las partes menos civilizadas del mundo y en la antigüedad – 2. Sobre las limitaciones de la población en los diferentes estados de la Europa moderna – 3. De los diferentes sistemas o expedientes que se han prevalecido a la sociedad, en cuanto afectan a los males que provienen del principio de la población – 4. De las futuras probabilidades de suprimir o aliviar a los males que se derivan del principio de la población.
590 ## - LOCAL NOTE (RLIN)
Local note niveau_biblio:m niveau_hierar:0
700 1# - ADDED ENTRY--PERSONAL NAME
Personal name Ortiz, Teodoro
942 ## - ADDED ENTRY ELEMENTS (KOHA)
Koha item type
Existencias
Withdrawn status Lost status Damaged status Not for loan Home library Current library Shelving location Date acquired Total checkouts Full call number Barcode Date last seen Price effective from Koha item type
        Biblioteca Prof. Eusebio Cleto del Rey Biblioteca Prof. Eusebio Cleto del Rey   07/04/2026   314.12 M261e L20290 07/04/2026 07/04/2026 Libro